000 00514nam a22001817a 4500
999 _c190557
_d190557
005 20220727154941.0
010 _aENG-134059
020 _a9788123427125
_c75.00
035 _aEN-117591
037 _bDBAB/PUB
082 _a500
100 _aFenelon,J.
245 _aAre We Alone? /
_cby J.Fenelon
260 _aChennai
_bNew Century Book House
_c2014
270 _a41-B,SIDCO Industrial Estate,Ambattur,
_bChennai
_e600098
300 _a99p.:
_c22cm(pbk)
_bill.
942 _2ddc
_cEN
_mFEN
_h500